| 000 | 00549nam a22001577a 4500 | ||
|---|---|---|---|
| 008 | 151020b xxu||||| |||| 00| 0 eng d | ||
| 050 | _aE185.615.C32 | ||
| 100 |
_aCarmichael, Stokely _920366 |
||
| 245 |
_aBlack power: _bthe politics of liberation in America _c/by Stokely Carmichael and Charles V. Hamilton |
||
| 260 |
_aNew York _bVintage _c1967 |
||
| 300 |
_axii,198p. ; _c19cm. |
||
| 650 |
_aNegroes _xCivil rights _92221 |
||
| 650 |
_aNegroes _xPolitics _920367 |
||
| 700 |
_aHamilton Charles V. _920368 _ejoint author |
||
| 942 |
_2lcc _cMONOGRAPH |
||
| 999 |
_c123555 _d123555 |
||